000
00270nam a22001217a 4500
008
171005b xxu||||| |||| 00| 0 eng d
041
_a
eng
080
_a
519.9
100
_a
48
101
_a
PSI
245
_a
THE PSYCHOLOGY OF INTELLIGENCE
_c
PIAGET,J
942
_2
udc
_c
BK
999
_c
31856
_d
31856